000 00650nam a22002177a 4500
003 UA-OsUOA
001 80059
007 ta
008 20111128b un ||||| |||| 00| 0 ukr d
090 _a94(100)"1939/1945"
_bВ87
942 _cBK
040 _aUA-OsUOA
_brus
_cUA-OsUOA
_dUA-OsUOA
245 _aВторая мировая война
_bкраткая история
_cЖилин П.А., Жуков Е.М.
300 _a588 с.
955 _a2
041 _arus
080 _a94(100)"1939/1945"
260 _aМ.
_bНаука
_c1985
650 7 _a9 Географія. Біографії. Історія
_2UDC
999 _c366394
_d366394